[Event "Hampstead U2200"]
[Site "Hampstead, London"]
[Date "2013.09.28"]
[Round "2"]
[White "Waterfield, John"]
[Black "Liang, Jake Z"]
[Result "1-0"]
[WhiteElo "1991"]
[BlackElo "1780"]
[EventType "swiss"]
[EventRounds "5"]

1. e4 c5 2. c3 Nf6 3. e5 Nd5 4. Bc4 Nb6 5. Bb3 Nc6 6. Nf3 d5 7. exd6 Qxd6 8.
Na3 Bf5 9. d4 e6 10. O-O Be7 11. Be3 cxd4 12. Nb5 Qd8 13. Nfxd4 Nxd4 14. Nxd4
Bg6 15. Qf3 Qc8 16. Rfd1 O-O 17. Nb5 Bc5 18. Bxc5 Qxc5 19. Nd6 Bh5 20. g4 Qg5
21. Rd4 Nd7 22. Ne4 Qg6 23. Rxd7 Bxg4 24. Qg2 e5 25. Rd6 Qf5 26. Bd1 Bxd1 27.
Raxd1 Kh8 28. Rd7 b6 29. Ng3 Qe6 30. Qd5 Qg6 31. Qd6 Qc2 32. Rxa7 Qxd1+ 33.
Qxd1 Rxa7 34. Qd6 Re8 35. Qxb6 Rxa2 36. Kg2 h6 37. c4 Re6 38. Qb8+ Kh7 39. c5
e4 40. Qb7 e3 41. fxe3 Rxe3 42. c6 Rc3 43. Kh3 Rc2 44. c7 Raxb2 45. Qxb2 Rxb2
46. c8=Q g6 47. Qc7 Rf2 48. Ne4 Rf3+ 49. Kg2 Rf5 50. Nd6 Rf6 51. Nxf7 {#r} 1-0

[Event "Hampstead U2200"]
[Site "Hampstead, London"]
[Date "2013.09.28"]
[Round "2"]
[White "Landau, Jonathan"]
[Black "Norman, Nigel"]
[Result "1/2-1/2"]
[WhiteElo "1956"]
[BlackElo "1758"]
[EventType "swiss"]
[EventRounds "5"]

1. e4 e6 2. d4 d5 3. exd5 exd5 4. Bd3 Bd6 5. Nc3 c6 6. Nf3 Nf6 7. O-O O-O 8.
Bg5 Bg4 9. h3 Bh5 10. g4 Bg6 11. Ne5 Bxd3 12. Qxd3 h6 13. Bh4 Na6 14. f4 Be7
15. Nxc6 bxc6 16. Qxa6 c5 17. Bf2 Qc7 18. g5 hxg5 19. fxg5 Ne4 20. Nxd5 Qd7
21. Nxe7+ Qxe7 22. h4 Nxg5 23. hxg5 Qxg5+ 24. Kh2 Qh5+ 25. Kg2 Qd5+ 26. Kh2
Qh5+ 27. Kg2 Qd5+ 28. Kh2 {#d} 1/2-1/2

[Event "Hampstead U2200"]
[Site "Hampstead, London"]
[Date "2013.09.28"]
[Round "2"]
[White "Sutton, Daniel"]
[Black "Hayward, Alan"]
[Result "0-1"]
[WhiteElo "1721"]
[BlackElo "1941"]
[EventType "swiss"]
[EventRounds "5"]

1. e4 d5 2. exd5 Nf6 3. Nf3 Nxd5 4. d4 Bf5 5. Bd3 Bxd3 6. Qxd3 Nc6 7. c3 e6 8.
O-O Bd6 9. Bg5 Qd7 10. Nbd2 h6 11. Bh4 f5 12. Rfe1 g5 13. Bxg5 hxg5 14. Nxg5
Bxh2+ 15. Kf1 O-O-O 16. Nxe6 Bd6 17. Qxf5 Rh1+ 18. Ke2 Nf4+ 19. Kf3 Nxe6 20.
Rxh1 Nexd4+ {#R} 0-1

[Event "Hampstead U2200"]
[Site "Hampstead, London"]
[Date "2013.09.28"]
[Round "2"]
[White "Horlock, Peter J"]
[Black "Pepe, Salvatore"]
[Result "1/2-1/2"]
[WhiteElo "1638"]
[BlackElo "1906"]
[EventType "swiss"]
[EventRounds "5"]

1. e4 g6 2. d4 Bg7 3. c3 d6 4. h3 Nd7 5. Be3 b6 6. Nf3 Bb7 7. Nbd2 h6 8. Bd3
a6 9. Qc2 c5 10. O-O b5 11. e5 dxe5 12. dxc5 Ngf6 13. Nh4 Qc7 14. Ne4 Nd5 15.
b4 Nf4 16. Bxf4 exf4 17. Rfe1 O-O 18. Nf3 Rfd8 19. Rad1 Nf8 20. c4 bxc4 21.
Bxc4 Bxe4 22. Rxe4 Rxd1+ 23. Qxd1 e6 24. Qc1 g5 25. Qe1 a5 26. Bb3 axb4 27.
Rxb4 Qxc5 28. Rc4 Qd6 29. Qe4 Rd8 30. Qe2 Bf6 31. Re4 Kg7 32. Nh2 Qd2 33. Qh5
Qc1+ 34. Nf1 Qb1 35. Rc4 Qe1 36. Rc7 Rd7 37. Rxd7 Nxd7 38. Qf3 Nc5 39. Qd1
Qxd1 40. Bxd1 Bd4 41. Bc2 Bc3 42. Nh2 f5 43. Kf1 Kf6 44. Ke2 e5 45. f3 Ke6 46.
Nf1 e4 47. fxe4 fxe4 48. g3 Ke5 49. gxf4+ gxf4 50. Nh2 h5 51. Bb1 Ne6 52. a4
Nd4+ 53. Kd1 Nf5 54. Nf1 Ng3 55. Nxg3 fxg3 56. Ke2 Kf4 57. Kf1 h4 58. Bc2 Ke3
59. Kg2 Kd4 60. Bd1 Kd3 61. Kf1 Kd2 62. Bh5 Ba5 63. Bg4 Bb6 64. Bh5 e3 65. Bf3
Ba5 66. Bg4 Kd3 67. Bf3 Kd4 68. Bg4 Ke4 69. Bh5 Kf4 70. Be2 {#d} 1/2-1/2

[Event "Hampstead U2200"]
[Site "Hampstead, London"]
[Date "2013.09.28"]
[Round "2"]
[White "Jina, Asha"]
[Black "Clayton, Tristan"]
[Result "0-1"]
[WhiteElo "1570"]
[BlackElo "1825"]
[EventType "swiss"]
[EventRounds "5"]

1. e4 c6 2. d4 d5 3. exd5 cxd5 4. Bd3 Nc6 5. c3 Qc7 6. Ne2 Nf6 7. Bf4 Qb6 8.
b3 Bg4 9. O-O e6 10. h3 Bh5 11. Qc2 Rc8 12. Be3 Nb4 13. Qd2 Nxd3 14. Qxd3 Bg6
15. Qd2 Ne4 16. Qd1 Bd6 17. Qc1 O-O 18. Nd2 Qc7 19. c4 Nxd2 20. Bxd2 Bd3 21.
Re1 dxc4 22. bxc4 Bxc4 23. Qb2 Qe7 24. Rac1 Ba3 25. Rb1 Bxb2 {#R} 0-1

[Event "Hampstead U2200"]
[Site "Hampstead, London"]
[Date "2013.09.28"]
[Round "2"]
[White "Byrne, Ken J"]
[Black "Misyura, Ilya"]
[Result "0-1"]
[WhiteElo "1194"]
[BlackElo "1626"]
[EventType "swiss"]
[EventRounds "5"]

1. c4 Nf6 2. g3 g6 3. Bg2 Bg7 4. Nc3 O-O 5. e3 d6 6. Nge2 Nc6 7. d4 Nd7 8. d5
Nce5 9. b3 Nc5 10. O-O a5 11. a4 e6 12. e4 f5 13. Be3 fxe4 14. Nxe4 Nxe4 15.
Bxe4 Nf3+ 16. Bxf3 Bxa1 17. Qxa1 Rxf3 18. Bh6 Qf6 19. dxe6 Qxa1 20. Rxa1 Rf6
21. e7 Re6 22. Nc3 Rxe7 23. Nd5 Rf7 24. Re1 Bf5 25. Ne7+ Kh8 26. h4 Bc2 27.
Re3 Bxb3 28. Rxb3 Rxe7 29. Rxb7 Kg8 30. Kg2 Kf7 31. Bg5 Rd7 32. g4 Ke6 33. Bf4
c5 34. Rb6 h5 35. Kg3 Raa7 36. Rb8 Rab7 37. Re8+ Kf7 38. Bh6 Re7 39. Rf8+ Ke6
40. f4 Rb3+ 41. Kf2 hxg4 42. f5+ gxf5 43. h5 Rh7 44. Bf4 Rxh5 45. Re8+ Kf7 46.
Rd8 Rf3+ 47. Kg2 Rxf4 48. Rxd6 Rxc4 49. Ra6 Rh3 50. Rxa5 Rc2+ 51. Kg1 Ra3 52.
Ra7+ Ke6 53. Ra6+ Kd5 {#R} 0-1

[Event "Hampstead U2200"]
[Site "Hampstead, London"]
[Date "2013.09.28"]
[Round "2"]
[White "Pride, Stephen"]
[Black "Covey, Jason"]
[Result "1-0"]
[WhiteElo "1827"]
[BlackElo "1586"]
[EventType "swiss"]
[EventRounds "5"]

1. e4 e6 2. b3 d5 3. Bb2 Nf6 4. e5 Nfd7 5. f4 c5 6. Qg4 Nc6 7. Nf3 Nb6 8. Be2
d4 9. Na3 Nd5 10. O-O-O f6 11. c4 dxc3 12. dxc3 Qc7 13. Nb5 Qb8 14. Nd6+ Bxd6
15. Qxg7 Bf8 16. Qxh8 Nxf4 17. Bb5 Bd7 18. Rxd7 Kxd7 19. Qxh7+ Ke8 20. Rd1 Qc8
21. exf6 Nd5 22. Ne5 Nxf6 23. Qf7# 1-0

[Event "Hampstead U2200"]
[Site "Hampstead, London"]
[Date "2013.09.28"]
[Round "2"]
[White "Winter, Malcolm J"]
[Black "Sanitt, Leo"]
[Result "1/2-1/2"]
[WhiteElo "1562"]
[BlackElo "1626"]
[EventType "swiss"]
[EventRounds "5"]

1. d4 d5 2. Nf3 Nf6 3. c4 c6 4. e3 Bg4 5. Nc3 e6 6. Bd3 Nbd7 7. c5 e5 8. Be2
e4 9. Nd2 Bxe2 10. Qxe2 b6 11. b4 a5 12. bxa5 bxc5 13. a4 c4 14. O-O Bd6 15.
Ba3 Bxa3 16. Rxa3 Rxa5 17. Rb1 O-O 18. Nf1 Qc7 19. Qc2 Ne8 20. Qb2 Nd6 21. Qc2
f5 22. g3 Rb8 23. Raa1 Rba8 24. Rb2 Rb8 {#d} 1/2-1/2

[Event "Hampstead U2200"]
[Site "Hampstead, London"]
[Date "2013.09.28"]
[Round "2"]
[White "Olutola, Taiwo"]
[Black "Samadov, Samir"]
[Result "1/2-1/2"]
[WhiteElo "1459"]
[BlackElo "1530"]
[EventType "swiss"]
[EventRounds "5"]

1. Nf3 e6 2. d4 d5 3. e3 Nf6 4. c4 c5 5. Nc3 cxd4 6. exd4 dxc4 7. Bxc4 Bd6 8.
O-O h6 9. Nb5 a6 10. Nxd6+ Qxd6 11. Ne5 Nbd7 12. Bf4 Qe7 13. Qf3 Nxe5 14. Bxe5
O-O 15. Rac1 Ra7 16. Rc2 b5 17. Bd3 Rd7 18. Rfc1 Bb7 19. Qe2 Nd5 20. a3 Qg5
21. Be4 Re8 22. Rd1 f6 23. Bg3 f5 24. h4 Qf6 25. Bxd5 Bxd5 26. Qe5 Qxe5 27.
dxe5 Rf7 28. Rd4 g5 29. f4 gxf4 30. Bxf4 Kh7 31. Kf2 Rg7 32. g3 Ree7 33. Ke3
Rc7 34. Rxc7 Rxc7 35. Rd2 Rc4 36. Ke2 a5 37. Rd1 Re4+ 38. Kd2 Rd4+ 39. Kc1
Rc4+ 40. Kd2 b4 41. Rc1 Rd4+ 42. Ke3 Re4+ 43. Kd3 bxa3 44. bxa3 Ra4 45. Rc3
Be4+ 46. Kd2 Rd4+ 47. Kc1 Bd5 48. Kc2 a4 49. Rc7+ Kg6 50. Kc3 Rd1 51. Kb4 Bb3
52. Rc1 Rd4+ 53. Kc5 Rd8 54. Kb4 Rb8+ 55. Kc5 Bd5 56. Rc3 Rb3 57. Kd4 Kh5 58.
Kd3 Kg4 59. Kd4 h5 60. Kd3 Kf3 61. Kd4+ Ke2 62. Rxb3 axb3 63. Kc3 Kf3 64. a4
Ke4 65. a5 Kf3 66. a6 Ke4 67. a7 Kf3 68. a8=Q Bxa8 69. Kxb3 Ke4 70. Kc4 Bd5+
71. Kc5 Kd3 72. Kd6 Kc4 73. Ke7 Kc5 74. Kf6 Kc6 {#d} 1/2-1/2

[Event "Hampstead U2200"]
[Site "Hampstead, London"]
[Date "2013.09.28"]
[Round "2"]
[White "Sharkey, Brian"]
[Black "Millward, David J"]
[Result "1-0"]
[WhiteElo "1634"]
[BlackElo "1928"]
[EventType "swiss"]
[EventRounds "5"]

1. d4 Nf6 2. c4 e6 3. Nf3 d5 4. Nc3 Be7 5. Bg5 O-O 6. e3 Nbd7 7. Rc1 c5 8.
dxc5 Nxc5 9. cxd5 Nxd5 10. Nxd5 exd5 11. Rxc5 f6 12. Rxd5 Bb4+ 13. Ke2 Qb6 14.
a3 Be7 15. Bf4 Be6 16. Rd2 Bb3 17. Qb1 Rac8 18. Nd4 Bxa3 19. Nxb3 Qxb3 20. Qd3
Qxd3+ 21. Rxd3 Bxb2 22. Rb3 Be5 23. Bxe5 fxe5 24. Rb2 Rf7 25. g3 b6 26. Bg2
Re7 27. Bd5+ Kf8 28. e4 Rc5 29. Ra1 Ke8 30. Raa2 Rec7 31. Kd2 Ke7 32. Rc2
Rxc2+ 33. Rxc2 Rxc2+ 34. Kxc2 Kd6 35. Kc3 Kc5 36. f4 exf4 37. gxf4 a5 38. Ba2
b5 39. f5 a4 40. h4 b4+ 41. Kd3 b3 42. Bxb3 axb3 43. e5 Kd5 44. e6 Kd6 45. h5
g6 46. fxg6 hxg6 47. h6 {#r} 1-0

[Event "Hampstead U2200"]
[Site "Hampstead, London"]
[Date "2013.09.28"]
[Round "2"]
[White "Larios, Rafael"]
[Black "David, Barry"]
[Result "0-1"]
[WhiteElo "1610"]
[BlackElo "1834"]
[EventType "swiss"]
[EventRounds "5"]

1. e4 c5 2. f4 Nc6 3. Nc3 e6 4. Bb5 Nge7 5. Nf3 g6 6. O-O Bg7 7. d3 d5 8. e5
O-O 9. Bxc6 bxc6 10. Na4 Qa5 11. b3 Re8 12. Bd2 Qc7 13. Nxc5 h5 14. Qe1 a5 15.
c4 Nf5 16. Qf2 Bf8 17. d4 Rd8 18. Nd3 Ba6 19. Qe1 dxc4 20. Bxa5 Qa7 21. Bxd8
cxd3 22. Ba5 d2 23. Bxd2 Bxf1 24. Qxf1 Nxd4 25. Be3 Bc5 26. Kh1 Nxb3 27. Bxc5
Nxc5 28. Qc4 Qb6 29. h4 Ra4 30. Qc1 Nd3 31. Qc2 Qb5 32. Rb1 Rb4 33. Rxb4 Nxb4
34. Qd1 Nd5 35. g3 Qc4 36. Qb3 Qf1+ 37. Ng1 Qb5 38. Qa3 c5 39. Kh2 c4 40. Nf3
c3 41. Qa8+ Kg7 42. Qa3 Qb2+ 43. Qxb2 cxb2 44. Nd2 Nc3 45. Kg2 b1=Q 46. Nxb1
Nxb1 47. Kf2 Kf8 48. Ke3 Ke7 49. Kd3 Kd7 50. Kc4 Kc6 51. Kd3 Kb5 52. Ke3 Nc3
53. Kf3 Nxa2 54. g4 Kc6 55. f5 hxg4+ 56. Kxg4 exf5+ 57. Kg5 Kd7 58. Kf6 Ke8
59. e6 fxe6 60. Kxg6 Kf8 61. h5 Kg8 62. Kg5 Kg7 {#R} 0-1

[Event "Hampstead U2200"]
[Site "Hampstead, London"]
[Date "2013.09.28"]
[Round "2"]
[White "Jefferies, Tyrone"]
[Black "Oliveri, Claudio"]
[Result "1-0"]
[WhiteElo "1594"]
[BlackElo "1738"]
[EventType "swiss"]
[EventRounds "5"]

1. e4 e5 2. Nf3 Nc6 3. Bb5 Nf6 4. d3 Bd6 5. O-O h6 6. c3 O-O 7. Be3 Re8 8. Re1
a6 9. Ba4 b5 10. Bb3 Bb7 11. Nbd2 Bf8 12. Nf1 Na5 13. Bc2 c5 14. Ng3 g6 15.
Qd2 Kh7 16. a3 c4 17. Rad1 d5 18. d4 exd4 19. Qxd4 Nc6 20. Qb6 Qxb6 21. Bxb6
dxe4 22. Nxe4 Kg7 23. Nxf6 Kxf6 24. Be3 Rad8 25. Kf1 Bc8 26. Nd4 Ne5 27. h3 g5
28. f4 Ng6 29. fxg5+ hxg5 30. Nf3 Rxd1 31. Bxd1 Nf4 32. Bd4+ Kg6 33. Rxe8 Bxh3
34. gxh3 Bd6 35. Rg8+ Kh7 36. Rg7+ Kh6 37. Nxg5 Nh5 38. Nxf7# 1-0

[Event "Hampstead U2200"]
[Site "Hampstead, London"]
[Date "2013.09.28"]
[Round "2"]
[White "Weaver, Lauren"]
[Black "Miu, Marinel"]
[Result "0-1"]
[WhiteElo "1512"]
[BlackElo "1706"]
[EventType "swiss"]
[EventRounds "5"]

1. d4 d5 2. c4 e6 3. Nc3 f5 4. Nf3 c6 5. Bf4 Bd6 6. Qd2 Nf6 7. Ne5 O-O 8. e3
Ne4 9. Nxe4 fxe4 10. Be2 Nd7 11. Nxc6 Qc7 12. Ne7+ Kf7 13. Bxd6 Qxd6 14. Nxc8
Rfxc8 15. Rc1 Rc6 16. O-O Rac8 17. c5 Qe7 18. Bb5 R6c7 19. Qd1 Nf6 20. Qa4 a6
21. Be2 g6 22. Rc3 Kg7 23. Rfc1 Rf8 24. c6 Kh6 25. Rb3 bxc6 26. Rxc6 a5 27.
Rbb6 Nh5 28. Rxe6 Rc1+ 29. Bf1 Qh4 30. g3 Qh3 31. Qb5 Rxf2 32. Rxg6+ hxg6 33.
Rxg6+ Kxg6 34. Qe8+ Rf7 35. Qg8+ Ng7 {#R} 0-1

[Event "Hampstead U2200"]
[Site "Hampstead, London"]
[Date "2013.09.28"]
[Round "2"]
[White "Jina, Taran"]
[Black "Purvis, Anna"]
[Result "1-0"]
[WhiteElo "1690"]
[BlackElo "1509"]
[EventType "swiss"]
[EventRounds "5"]

1. e4 c6 2. d4 d5 3. exd5 cxd5 4. Bd3 Nc6 5. c3 Nf6 6. Bf4 Bg4 7. Qb3 Na5 8.
Qc2 a6 9. Nd2 e6 10. Ngf3 Bd6 11. Bxd6 Qxd6 12. O-O O-O 13. Ng5 h6 14. Ngf3
Nc6 15. h3 Bxf3 16. Nxf3 Rfe8 17. Rae1 Rac8 18. Qe2 Nh5 19. Ne5 Nf4 20. Qf3 f6
21. Qxf4 fxe5 22. dxe5 Qc7 23. Re3 Rf8 24. Qg4 Rce8 25. f4 Qb6 26. Qe2 d4 27.
cxd4 Qxd4 28. Qf2 Nxe5 29. Bxa6 bxa6 30. Rxe5 Qxe5 31. fxe5 Rxf2 32. Rxf2 Rd8
33. Re2 Rd5 34. Kf2 Kf7 35. Kf3 Kg6 36. Ke4 Ra5 37. a3 Ra4+ 38. Kf3 Kf5 39.
g4+ Kg5 40. Kg3 h5 41. h4+ Kg6 42. gxh5+ Kxh5 43. Rd2 Re4 44. Rd6 Rxe5 45.
Rxa6 Re3+ 46. Kf4 Re2 47. Kg3 e5 48. Ra5 Re3+ 49. Kf2 Re4 50. Kf3 Re1 51. Ra4
Rf1+ 52. Ke2 Rb1 53. Rb4 Rh1 54. a4 Rh2+ 55. Kf3 Rh3+ 56. Kg2 Rd3 57. Kf1 Rd5
58. Re4 Ra5 59. Ke2 Rc5 60. Kd3 Kg6 61. b4 Rc8 62. Rxe5 Rd8+ 63. Kc4 Rc8+ 64.
Rc5 Ra8 65. a5 Rb8 66. b5 Ra8 67. a6 Kf6 68. Rc6+ Ke7 69. Kc5 Kd7 70. Rg6 Rg8
71. a7 Kc7 72. Rxg7+ Rxg7 73. a8=Q {#r} 1-0

[Event "Hampstead U2200"]
[Site "Hampstead, London"]
[Date "2013.09.28"]
[Round "2"]
[White "Mitchell, Robert"]
[Black "Tomy, Jeff"]
[Result "1-0"]
[WhiteElo "1690"]
[BlackElo "1378"]
[EventType "swiss"]
[EventRounds "5"]

1. d4 d6 2. Nf3 Nf6 3. c4 g6 4. Nc3 Bg7 5. g3 O-O 6. Bg2 c5 7. d5 Qa5 8. O-O
Qb4 9. Nd2 Nbd7 10. a3 Qb6 11. Rb1 Qd8 12. b4 Ng4 13. Bb2 cxb4 14. axb4 Ngf6
15. Na4 Nb6 16. Nxb6 Qxb6 17. Qb3 Bf5 18. e4 Bg4 19. e5 dxe5 20. Bxe5 Bf5 21.
Rb2 Bg4 22. c5 Qd8 23. h3 Bf5 24. Rd1 Qd7 25. g4 Bxg4 26. hxg4 Qxg4 27. Qf3
Qd7 28. Nc4 Rac8 29. d6 Rfd8 30. Rbd2 exd6 31. Nxd6 Qe6 32. Bg3 Rd7 33. Nxc8
Rxd2 34. Rxd2 Qe1+ 35. Bf1 Qxd2 36. Ne7+ Kf8 37. Qxb7 Ke8 38. c6 Nd5 39. Qd7+
Kf8 40. Qd8# 1-0

[Event "Hampstead U2200"]
[Site "Hampstead, London"]
[Date "2013.09.28"]
[Round "2"]
[White "Lovell, William"]
[Black "Sloan, Cecil"]
[Result "0-1"]
[WhiteElo "1503"]
[BlackElo "1690"]
[EventType "swiss"]
[EventRounds "5"]

1. e4 c5 2. Nc3 Nc6 3. f4 g6 4. Nf3 Bg7 5. Bc4 e6 6. d3 Nge7 7. O-O O-O 8. Qe1
Na5 9. Bb3 a6 10. Qh4 Nxb3 11. axb3 Nc6 12. Qh3 Nd4 13. Nxd4 cxd4 14. Nd1 e5
15. f5 d5 16. Qg3 dxe4 17. dxe4 Bd7 18. f6 Bxf6 19. Bh6 Re8 20. Qf3 Re6 21.
Nf2 Qe7 22. Ng4 Bg7 23. Bg5 Qxg5 24. Qxf7+ Kh8 25. Qxd7 Re7 26. Qd6 Rae8 27.
Nf2 Rf7 28. Rae1 Ref8 29. Re2 Qg4 30. Ree1 Qc8 31. Re2 Rf6 32. Qb4 Bh6 33. Qe1
Be3 34. c3 Qe6 35. cxd4 Bxd4 36. Qb4 Qf7 $138 {0-1, Time.} {#R} 0-1

[Event "Hampstead U2200"]
[Site "Hampstead, London"]
[Date "2013.09.28"]
[Round "2"]
[White "Hall, Kieron L"]
[Black "Cavendish, Joshua"]
[Result "0-1"]
[WhiteElo "1450"]
[BlackElo "1683"]
[EventType "swiss"]
[EventRounds "5"]

1. d4 f5 2. Nf3 e6 3. Nc3 Nf6 4. e3 d5 5. Bb5+ c6 6. Ba4 Bd6 7. O-O Nbd7 8. a3
Ne4 9. Ne2 O-O 10. Bb3 Qe8 11. c4 Rf6 12. cxd5 exd5 13. Qc2 Rh6 14. h4 Nf8 15.
Rd1 Ne6 16. Rf1 g5 17. Kh1 g4 18. g3 gxf3 19. Ng1 Bxg3 20. Nxf3 Bxh4 21. Rg1+
Kh8 22. Nxh4 Rxh4+ 23. Kg2 Qh5 24. Qd1 Rh2+ 25. Kf1 Rxf2+ 26. Ke1 Qh2 27. Rg2
Qxg2 28. Qd3 Qg1+ 29. Qf1 Qxf1# 0-1

[Event "Hampstead U2200"]
[Site "Hampstead, London"]
[Date "2013.09.28"]
[Round "2"]
[White "Haddock, Paul"]
[Black "Zhao, Haolin"]
[Result "0-1"]
[WhiteElo "1675"]
[BlackElo "1263"]
[EventType "swiss"]
[EventRounds "5"]

1. e4 c5 2. Nc3 g6 3. f4 Nc6 4. Nf3 Bg7 5. Bb5 Nd4 6. Bc4 e6 7. O-O Ne7 8.
Nxd4 Bxd4+ 9. Kh1 Bg7 10. d3 O-O 11. Be3 b6 12. Bd2 d5 13. Bb3 dxe4 14. dxe4
Ba6 15. Rf3 Qc7 16. Qe1 Rad8 17. a4 Nc6 18. Be3 Na5 19. e5 Nxb3 20. cxb3 Rd7
21. Qh4 Qd8 22. Qf2 Qe7 23. Ne4 Rc7 24. Nd6 Bb7 25. Rh3 Bc6 26. Rd1 Rd8 27.
Bc1 h6 28. Rhd3 Rcd7 29. h3 Kh7 30. Kh2 a5 31. Be3 f6 32. Qg3 fxe5 33. fxe5
Be4 34. R3d2 Bd5 35. Nc4 Bxc4 36. bxc4 Rxd2 37. Rxd2 Rxd2 38. Bxd2 Qc7 39. Bf4
g5 40. Qe3 gxf4 41. Qe4+ Kg8 42. Kg1 Qxe5 43. Qa8+ Kh7 44. Qb7 Qd6 45. Qe4+
Kh8 46. Qa8+ Kh7 47. Qe4+ Kg8 48. Kh1 Kf7 49. b3 Kf6 50. h4 Qe5 51. Qc6 Qe1+
52. Kh2 Qxh4+ 53. Kg1 Kf5 54. Qb7 Bd4+ 55. Kf1 Qf2# 0-1

[Event "Hampstead U2200"]
[Site "Hampstead, London"]
[Date "2013.09.28"]
[Round "2"]
[White "Pollack, Oscar"]
[Black "Verma, Aditya"]
[Result "0-1"]
[WhiteElo "1122"]
[BlackElo "1647"]
[EventType "swiss"]
[EventRounds "5"]

1. e4 c5 2. Nc3 Nc6 3. Nge2 g6 4. g3 Bg7 5. Bg2 d6 6. b3 e6 7. Bb2 Nge7 8. O-O
O-O 9. d3 b6 10. Qd2 Bb7 11. a4 Qd7 12. Rfe1 Rad8 13. Rad1 a6 14. Ba1 Qc7 15.
Na2 d5 16. Bxg7 Kxg7 17. exd5 Nxd5 18. Nac3 Nde7 19. Ne4 Nf5 20. Qg5 Qe7 21.
Qxe7 Ncxe7 22. N2c3 Nd4 23. Rd2 h6 24. Ne2 Nef5 25. Nxd4 Nxd4 26. a5 Bxe4 27.
Bxe4 b5 28. Kg2 Rd6 29. Rb1 f5 30. Bf3 Rfd8 31. Rbd1 Kf6 32. h4 h5 33. Be2 e5
34. f4 Nxe2 35. Rxe2 e4 36. Red2 c4 37. bxc4 bxc4 38. d4 c3 39. Re2 Rxd4 40.
Rxd4 Rxd4 41. Kh3 Rd2 42. Re1 Rxc2 43. Rb1 Rb2 44. Rc1 c2 45. Kg2 Ke6 46. Kf2
Kd5 47. Ke2 Kc4 48. Kd2 Kb3 49. Re1 Rb1 50. Re3+ Kb2 51. Re1 Rxe1 52. Kxe1
c1=Q+ 53. Kf2 e3+ 54. Ke2 Qd2+ 55. Kf3 Qf2# 0-1

[Event "Hampstead U2200"]
[Site "Hampstead, London"]
[Date "2013.09.28"]
[Round "3"]
[White "Turner, Caius AW"]
[Black "Villiers, Thomas"]
[Result "0-1"]
[WhiteElo "2164"]
[BlackElo "2043"]
[EventType "swiss"]
[EventRounds "5"]

1. Nf3 Nf6 2. c4 c5 3. Nc3 Nc6 4. g3 g6 5. Bg2 Bg7 6. O-O d5 7. cxd5 Nxd5 8.
Nxd5 Qxd5 9. d3 O-O 10. Nd2 Qd7 11. Rb1 b6 12. a3 Bb7 13. b4 cxb4 14. axb4
Rfd8 15. Bb2 Nd4 16. Bxb7 Qxb7 17. e3 Nb5 18. d4 Rac8 19. Qf3 Qxf3 20. Nxf3
Rc2 21. Rfc1 Rdc8 22. Ne1 Rxc1 23. Rxc1 Rxc1 24. Bxc1 e5 25. dxe5 Bxe5 26. Nd3
Bc3 27. Kf1 Kf8 28. Ke2 Ke7 29. Bb2 Kd6 30. Bxc3 Nxc3+ 31. Kd2 Ne4+ 32. Kc2 a5
33. Kb3 axb4 34. Kxb4 Nc5 35. Ne1 Kc6 36. f3 f5 37. Nc2 Nd3+ 38. Kc3 Ne5 39.
f4 Ng4 40. Kd4 Kd6 41. h4 Nf2 42. Ne1 Nh1 43. Nf3 Nxg3 44. Ng5 h6 45. Nf7+ Ke6
46. Ne5 g5 47. hxg5 hxg5 48. Nf3 g4 49. Ne1 Ne4 50. Kc4 Kd6 51. Kb5 Kc7 52.
Kc4 Kc6 53. Kd4 b5 54. Ke5 Nd6 55. e4 fxe4 56. f5 b4 57. Kf4 b3 {#R} 0-1

[Event "Hampstead U2200"]
[Site "Hampstead, London"]
[Date "2013.09.28"]
[Round "3"]
[White "Twitchell, Neville H"]
[Black "Farzaliyev, Kanan"]
[Result "0-1"]
[WhiteElo "2014"]
[BlackElo "2122"]
[EventType "swiss"]
[EventRounds "5"]

1. e4 c5 2. a3 g6 3. c3 Bg7 4. d4 cxd4 5. cxd4 d5 6. exd5 Nf6 7. Bb5+ Nbd7 8.
Nc3 a6 9. Bc4 b5 10. Bb3 Bb7 11. Nf3 Nb6 12. O-O O-O 13. Bg5 Nbxd5 14. Re1
Nxc3 15. bxc3 Ne4 16. Rc1 Rc8 17. Bh4 Nxc3 18. Qd3 Nd5 19. Rxc8 Qxc8 20. Bxd5
Bxd5 21. Bxe7 Re8 22. Bb4 Rxe1+ 23. Bxe1 Bxf3 24. Qxf3 Bxd4 25. g3 Qc1 26. Qe4
Bc3 27. Kf1 Qxe1+ 28. Qxe1 Bxe1 29. Kxe1 a5 30. Kd2 Kf8 31. Kc3 Ke7 32. Kd4
Kd6 33. h3 f6 34. f3 f5 35. g4 b4 36. axb4 axb4 37. gxf5 gxf5 38. h4 b3 39.
Kc3 Ke5 40. Kxb3 Kf4 {#R} 0-1

[Event "Hampstead U2200"]
[Site "Hampstead, London"]
[Date "2013.09.28"]
[Round "3"]
[White "Ismailov, Roman"]
[Black "Waterfield, John"]
[Result "1-0"]
[WhiteElo "2051"]
[BlackElo "1991"]
[EventType "swiss"]
[EventRounds "5"]

1. d4 Nf6 2. c4 c5 3. d5 b5 4. cxb5 a6 5. bxa6 g6 6. Nc3 Bxa6 7. g3 d6 8. Bg2
Bg7 9. Nf3 Nbd7 10. O-O Nb6 11. Re1 O-O 12. a3 Bb7 13. e4 Nfd7 14. Qc2 Ra5 15.
Rb1 c4 16. Be3 Qc7 17. Qd2 Nc5 18. Bh6 Nb3 19. Qg5 e6 20. Rbd1 f6 21. Qe3 Bxh6
22. Qxh6 exd5 23. Bh3 Nc5 24. exd5 Qg7 25. Qh4 Raa8 26. Bf1 Ba6 27. Nd4 Rae8
28. Ne6 Nxe6 29. dxe6 Qc7 30. Qd4 d5 31. Nxd5 Nxd5 32. Qxd5 Re7 33. Qd6 Qxd6
34. Rxd6 Bb5 35. Rb6 Bd7 36. Bxc4 Rfe8 37. exd7+ {#r} 1-0

[Event "Hampstead U2200"]
[Site "Hampstead, London"]
[Date "2013.09.28"]
[Round "3"]
[White "Hayward, Alan"]
[Black "Landau, Jonathan"]
[Result "1/2-1/2"]
[WhiteElo "1941"]
[BlackElo "1956"]
[EventType "swiss"]
[EventRounds "5"]

1. d4 d5 2. Nc3 Nf6 3. Bg5 c6 4. f3 Qb6 5. Rb1 Bf5 6. g4 Bg6 7. h4 h6 8. Bf4
e6 9. a3 Be7 10. e3 Nbd7 11. Bd3 Bxd3 12. Qxd3 Bd8 13. Nge2 Rc8 14. Kf2 Bc7
15. b4 Bxf4 16. exf4 Qc7 17. Qd2 Nb6 18. Nd1 Nc4 19. Qc1 Nd7 20. Ne3 Ndb6 21.
Nxc4 Nxc4 22. Ng3 Qb6 23. c3 Kd8 24. Nh5 Rg8 25. g5 Kc7 26. Ra1 Kb8 27. gxh6
gxh6 28. Nf6 Rgd8 29. Ng4 Rh8 30. Ne5 Nxe5 31. fxe5 Qb5 32. Rg1 Qd3 33. Ra2
Qf5 34. Rg3 Rcg8 35. Qg1 Qh7 36. Ke3 Rxg3 37. Qxg3 Rg8 38. Qh2 Qg6 39. Rc2 a6
40. a4 Ka7 41. Rc1 h5 42. Ra1 Kb6 43. b5 cxb5 44. axb5 Qh6+ 45. Kd3 Qg6+ 46.
Ke3 Rc8 47. Qb2 axb5 48. Rb1 Rxc3+ 49. Qxc3 Qxb1 50. Qc5+ Ka6 51. Qa3+ {#d}
1/2-1/2

[Event "Hampstead U2200"]
[Site "Hampstead, London"]
[Date "2013.09.28"]
[Round "3"]
[White "Misyura, Ilya"]
[Black "Horlock, Peter J"]
[Result "0-1"]
[WhiteElo "1626"]
[BlackElo "1638"]
[EventType "swiss"]
[EventRounds "5"]

1. d4 Nf6 2. c4 e6 3. Nc3 d5 4. Bg5 Be7 5. Nf3 O-O 6. e3 Nbd7 7. Qc2 a6 8. Rd1
dxc4 9. Bxc4 b5 10. Bd3 Bb7 11. Ne5 h6 12. Bh4 Rc8 13. Rg1 Nd5 14. Bxe7 Qxe7
15. g4 Nxc3 16. bxc3 Nxe5 17. dxe5 Qh4 18. Rg3 c5 19. g5 hxg5 20. Bf1 Be4 21.
Qe2 Bf5 22. e4 Qxe4 23. Re3 Qh4 24. Rg3 Rcd8 25. Rd6 Rxd6 26. exd6 Qf4 27. Qh5
Qc1+ 28. Ke2 Qc2+ 29. Ke1 Qb1+ 30. Ke2 Qxa2+ 31. Ke1 Qb1+ 32. Ke2 Qe4+ 33. Kd1
Rd8 34. Be2 Qb1+ 35. Kd2 Rxd6+ 36. Bd3 Rxd3+ 37. Rxd3 Qxd3+ 38. Ke1 Qxc3+ 39.
Ke2 Qc4+ 40. Kd2 Qf4+ 41. Ke1 Bg4 42. Qxg4 Qxg4 43. Kd2 c4 44. h3 Qxh3 45. f4
gxf4 46. Ke2 Qd3+ 47. Ke1 c3 48. Kf2 c2 49. Kg2 Qg3+ 50. Kf1 c1=Q+ 51. Ke2
Qge3# 0-1